| Tag |
First Indicator |
Second Indicator |
Subfields |
| LEADER |
00000cam a2200000 4500 |
| 001 |
in00000032485 |
| 005 |
20151007061755.0 |
| 008 |
720517s1962 nyua 00000 eng u |
| 010 |
|
|
|a 62015269
|
| 035 |
|
|
|a (OCoLC)00310665
|
| 035 |
|
|
|9 AAD3032AM
|
| 040 |
|
|
|c KSU
|d TXA
|d UtOrBLW
|
| 049 |
|
|
|a TXAM
|c [353161]
|
| 050 |
|
0 |
|a GV875.C65
|b B7 1962
|
| 092 |
|
|
|a 796.357
|b B874p
|
| 100 |
1 |
|
|a Brosnan, Jim.
|
| 245 |
1 |
0 |
|a Pennant race.
|
| 250 |
|
|
|a [1st ed.].
|
| 264 |
|
1 |
|a New York :
|b Harper,
|c [1962]
|
| 300 |
|
|
|a 250 pages :
|b illustrations ;
|c 22 cm.
|
| 336 |
|
|
|a text
|b txt
|2 rdacontent
|
| 337 |
|
|
|a unmediated
|b n
|2 rdamedia
|
| 338 |
|
|
|a volume
|b nc
|2 rdacarrier
|
| 610 |
1 |
0 |
|a Cincinnati Reds (Baseball team)
|
| 999 |
|
|
|a MARS
|
| 999 |
f |
f |
|s fd4ef7de-e7ad-3ea3-9f41-d2d2d7d22621
|i cf98cb48-59c1-32f0-ad39-bbbe7d9685d0
|t 0
|
| 952 |
f |
f |
|p normal
|a Texas A&M University
|b College Station
|c Sterling C. Evans Library
|d Evans: Library Stacks
|t 0
|e GV875.C65 B7 1962
|h Library of Congress classification
|i unmediated -- volume
|m A14801185216
|
| 998 |
f |
f |
|a GV875.C65 B7 1962
|t 0
|l Evans: Library Stacks
|